Albacete Balompié Squad 2024-2025 - Statistics

General Stats
  • This quiz has been taken 18 times
    10 since last reset
  • The average score is 22 of 28
Answer Stats
# Position Nation Player % Correct
9 FW Spain Higinio Marín
100%
29 DF Spain Javi Rueda
100%
18 MF Spain Javi Villar
100%
21 FW Spain Pablo Sáenz
100%
8 MF Spain Riki Rodríguez
100%
- Coach Spain Alberto González
80%
21 FW Spain Alberto Quiles
80%
2 DF Spain Álvaro Rodríguez
80%
20 MF Spain Antonio Pacheco
80%
1 GK Spain Cristian Rivero
80%
16 DF Spain Diego González
80%
10 FW Spain Fidel
80%
24 DF Spain Jaume Costa
80%
19 FW Spain Javi Martón
80%
5 DF Spain Javi Moreno
80%
14 DF Spain Jon García
80%
22 FW Spain Jon Morcillo
80%
11 FW Spain José Carlos Lazo
80%
5 DF Spain Juan Antonio Ros
80%
7 FW Spain Juanma García
80%
3 DF Spain Juan María Alcedo
80%
27 DF Spain Lalo Aguilar
80%
23 DF Spain Pepe Sánchez
80%
13 GK Spain Raúl Lizoain
80%
4 MF Spain Agus Medina
60%
17 MF Spain Ale Meléndez
60%
15 FW Morocco Nabil Touaizi
60%
6 MF Spain Rai Marchán
40%
No matching quizzes found
Score Distribution
Percent of People with Each Score
Percentile by Number Answered
Your Score History
You have not taken this quiz since the last reset